000 00390nam a2200169Ia 4500
005 20250423095349.0
008 250422s9999 xx 000 0 und d
020 _a0-321-30812-3
050 _aHG 1 .M57/
100 _aMishkin, Frederic, S.
245 0 _aFinancial markets & Institutions
260 _aBoston
260 _bPearson
260 _c2006
300 _a672 p
942 _cBK
999 _c30051
_d30051